| 000 | 00508nam a2200181 4500 | ||
|---|---|---|---|
| 001 | 13132 | ||
| 005 | 20230410115611.0 | ||
| 008 | 060907n1994 dr spa | ||
| 020 | _a0760747415 | ||
| 035 | _9funglode13244 | ||
| 041 | _aEN | ||
| 050 | 1 | 4 | _aHF 5356 D733m 1994 |
| 100 | _aDouglas, Mackr | ||
| 245 | 1 |
_aMaking a habit of success : _btwo bestselling works complete in one volume / _cMackr Douglas |
|
| 260 |
_aNew York : _bBarnes y Nobles, _c1994 |
||
| 300 | _a441 p. | ||
| 942 |
_2lcc _cbk |
||
| 999 |
_c44409 _d44409 |
||